000 00571nam a2200205Ia 4500
005 20250508150600.0
008 008 250505s9999 xx 000 0 eng d
037 _aTextual
040 _aFEDL
_beng
_cFEDL
041 _aeng
_2eng
084 _a330.954, LOK
_qFEDL
100 _aLokanathan P.S.
_9757099
245 0 _aIndia 1946
260 _aNew Delhi, India
_bThe Eastern Economist Limited
_c1947
300 _a311p.
490 _aEastern Economist Pamphlets
650 _aEconomics
942 _cTEXL
_h330.954, LOK
999 _c1324392
_d1324392